Countries That Have Beaten Italy At FIFA World Cup - Statistics

General Stats
  • This quiz has been taken 50 times
  • The average score is 15 of 20
Answer Stats
Year Score Country % Correct
1990 (3) - (4) Argentina
98%
1970 1 - 4 Brazil
98%
1978 1 - 2 Brazil
98%
1994 (2) - (3) Brazil
98%
2014 0 - 1 Uruguay
95%
1986 0 - 2 France
93%
1998 (3) - (4) France
93%
1978 1 - 2 Netherlands
80%
2002 1 - 2 South Korea
75%
1950 2 - 3 Sweden
75%
1962 0 - 2 Chile
73%
1974 1 - 2 Poland
70%
2014 0 - 1 Costa Rica
65%
1966 0 - 1 Soviet Union
65%
2002 1 - 2 Croatia
58%
2010 2 - 3 Slovakia
55%
1954 1 - 2 Switzerland
55%
1954 1 - 4 Switzerland
55%
1994 0 - 1 Ireland
48%
1966 0 - 1 North Korea
45%
No matching quizzes found
Score Distribution
Percent of People with Each Score
Percentile by Number Answered
Your Score History
You have not taken this quiz